Top 5 Państw Według Kategorii #1 - Statystyki

Ogólne statystyki
  • Ten quiz został rozwiązany 48 razy
  • Średni wynik to 15 z 25
Statystyki odpowiedzi
Kategoria Panstwa % Poprawnych
Ropa Naftowa Stany Zjednoczone
98%
Morderstwa Stany Zjednoczone
98%
Książki Stany Zjednoczone
98%
Ropa Naftowa Rosja
93%
Ropa Naftowa Arabia Saudyjska
90%
Ropa Naftowa Kanada
88%
Amerykańcy Kanada
88%
Książki Chiny
83%
Amerykańcy Francja
83%
Morderstwa Brazylia
81%
Książki Japonia
81%
Morderstwa Meksyk
81%
Amerykańcy Meksyk
81%
Książki Wielka Brytania
81%
Amerykańcy Wielka Brytania
81%
Morderstwa Indie
71%
Ropa Naftowa Irak
60%
Morderstwa Nigeria
38%
Książki Indonezja
29%
Amerykańcy Dominikana
12%
Najmniejsze państwo w Europie Andora
0%
Najmniejsze państwo w Europie Liechtenstein
0%
Najmniejsze państwo w Europie Malta
0%
Najmniejsze państwo w Europie Monako
0%
Najmniejsze państwo w Europie San Marino
0%
Nie znaleziono quizów pasujących do podanych kryteriów
Rozkład punktacji
Procent ludzi z każdym wynikiem
Percentyl według liczby udzielonych odpowiedzi
Twoja historia wyników
Nie rozwiązałeś tego quizu